[Event "Deltalift op"]
[Site "Tylosand"]
[Date "2018.05.10"]
[Round "4"]
[White "Nystrom, Jonas"]
[Black "Lindborg, Patrik"]
[Result "1-0"]
[WhiteElo "1965"]
[BlackElo "2172"]
[PlyCount "71"]
[EventDate "2018.05.10"]
[EventType "swiss"]
[EventRounds "8"]
[EventCountry "SWE"]
[SourceTitle "CBM 184 Extra"]
[Source "ChessBase"]
[SourceDate "2018.06.28"]
[SourceVersion "1"]
[SourceVersionDate "2018.06.28"]
[SourceQuality "1"]

1. e4 c5 2. Nf3 e6 3. d4 cxd4 4. Nxd4 Nc6 5. Nc3 Qc7 6. a3 Nf6 7. Be3 a6 8. Be2 h5 9. Nxc6 bxc6 10. f4 Rb8 11. Rb1 d5 12. e5 Ng4 13. Bxg4 hxg4 14. Qxg4 c5 15. Bd2 Bb7 16. 0-0 g6 17. Rfe1 Bc6 18. Ne2 Be7 19. Ng3 Rb7 20. Qd1 Bh4 21. Qg4 Qb8 22. b4 a5 23. f5 gxf5 24. Qg7 Ke7 25. Bg5+ Bxg5 26. Qxg5+ Kd7 27. Qf6 Qd8 28. Qxf7+ Kc8 29. Qxe6+ Bd7 30. Qxd5 Qh4 31. Nf1 axb4 32. axb4 Rxb4 33. Qxc5+ Kd8 34. Qxb4 f4 35. Qb8+ Ke7 36. Qd6+ 1-0

[Event "Gothenburg Kvibergspelen"]
[Site "Gothenburg"]
[Date "2017.05.05"]
[Round "1"]
[White "Nystrom, Jonas"]
[Black "Ernst, Thomas"]
[Result "0-1"]
[WhiteElo "1860"]
[BlackElo "2382"]
[PlyCount "59"]
[EventDate "2017.05.05"]
[EventType "swiss"]
[EventRounds "8"]
[EventCountry "SWE"]
[SourceTitle "CBM 178 Extra"]
[Source "ChessBase"]
[SourceDate "2017.06.22"]
[SourceVersion "1"]
[SourceVersionDate "2017.06.22"]
[SourceQuality "1"]

1. e4 c5 2. Nf3 d6 3. d4 cxd4 4. Nxd4 Nf6 5. Nc3 a6 6. h3 e6 7. Be2 Nc6 8. Be3 Be7 9. a4 d5 10. exd5 exd5 11. 0-0 0-0 12. Nxc6 bxc6 13. Bf3 Bd6 14. Ne2 Rb8 15. Nd4 Bd7 16. b3 Qe7 17. Be2 a5 18. Bg5 Be5 19. Rc1 Bxd4 20. Qxd4 Qxe2 21. Bxf6 gxf6 22. Qxf6 Qe6 23. Qc3 Qg6 24. Rcd1 Bf5 25. Rd4 Rb4 26. Rfd1 Bxc2 27. Rc1 Rxd4 28. Qxd4 Be4 29. g3 Qh6 30. Ra1 0-1

[Event "Vaxjo op"]
[Site "Vaxjo"]
[Date "2016.02.21"]
[Round "8"]
[White "Nystrom, Jonas"]
[Black "Lekander, Rolf Ake"]
[Result "1/2-1/2"]
[WhiteElo "1925"]
[BlackElo "2224"]
[PlyCount "58"]
[EventDate "2016.02.19"]
[EventType "swiss"]
[EventRounds "8"]
[EventCountry "SWE"]
[SourceTitle "CBM 170 Extra"]
[Source "ChessBase"]
[SourceDate "2016.02.25"]
[SourceVersion "1"]
[SourceVersionDate "2016.02.25"]
[SourceQuality "1"]

1. e4 c5 2. Nf3 e6 3. d4 cxd4 4. Nxd4 Nc6 5. Nc3 Qc7 6. Be3 a6 7. Be2 Nf6 8. a3 Be7 9. f4 d6 10. 0-0 0-0 11. Qe1 Nxd4 12. Bxd4 b5 13. Qg3 Bb7 14. Bd3 Rad8 15. Rae1 Rd7 16. e5 dxe5 17. Bxe5 Qb6+ 18. Kh1 g6 19. f5 Nh5 20. Qg4 exf5 21. Rxf5 Rxd3 22. cxd3 Qe6 23. Ref1 Bc8 24. Ne4 f6 25. Bc3 Qc6 26. Ng3 Ng7 27. Qe2 Nxf5 28. Nxf5 Bxf5 29. Qxe7 Rf7 1/2-1/2

[Event "Vaxjo op"]
[Site "Vaxjo"]
[Date "2016.02.19"]
[Round "4"]
[White "Nystrom, Jonas"]
[Black "Petersson, Kjell"]
[Result "0-1"]
[WhiteElo "1925"]
[BlackElo "2113"]
[PlyCount "106"]
[EventDate "2016.02.19"]
[EventType "swiss"]
[EventRounds "8"]
[EventCountry "SWE"]
[SourceTitle "CBM 170 Extra"]
[Source "ChessBase"]
[SourceDate "2016.02.25"]
[SourceVersion "1"]
[SourceVersionDate "2016.02.25"]
[SourceQuality "1"]

1. e4 c5 2. Nf3 d6 3. d4 cxd4 4. Nxd4 Nf6 5. Nc3 g6 6. Be3 Bg7 7. f3 0-0 8. Qd2 Nc6 9. Bc4 Nd7 10. h4 Nb6 11. Bb3 Na5 12. Bh6 Nbc4 13. Bxc4 Nxc4 14. Qd3 Nxb2 15. Qd2 Nc4 16. Qd3 Bxh6 17. Qxc4 Qa5 18. Rb1 Qe5 19. Nce2 a6 20. h5 Bg7 21. hxg6 hxg6 22. Rd1 Bd7 23. Qd3 Qa5+ 24. Kf2 Qc5 25. Kf1 Bb5 26. Nxb5 Qxb5 27. c4 Qc5 28. f4 Rfc8 29. Rc1 b5 30. Qh3 bxc4 31. f5 gxf5 32. Qh7+ Kf8 33. exf5 Qe5 34. Rc3 Rc5 35. g4 Rb8 36. Rch3 Rb1+ 37. Kf2 Rxh1 38. Rxh1 c3 39. Rb1 Rc8 40. g5 c2 41. Rc1 Rc5 42. f6 exf6 43. Rxc2 Rxc2 44. Qxc2 Qc5+ 45. Qxc5 dxc5 46. gxf6 Bxf6 47. Kf3 Ke7 48. Ke4 Kd6 49. Nf4 Bd4 50. Nd3 a5 51. a4 Bc3 52. Nf4 c4 53. Ne2 Bb2 0-1

[Event "Vaxjo op"]
[Site "Vaxjo"]
[Date "2016.02.19"]
[Round "2"]
[White "Nystrom, Jonas"]
[Black "Seo, Jung Min"]
[Result "0-1"]
[WhiteElo "1925"]
[BlackElo "2132"]
[PlyCount "54"]
[EventDate "2016.02.19"]
[EventType "swiss"]
[EventRounds "8"]
[EventCountry "SWE"]
[SourceTitle "CBM 170 Extra"]
[Source "ChessBase"]
[SourceDate "2016.02.25"]
[SourceVersion "1"]
[SourceVersionDate "2016.02.25"]
[SourceQuality "1"]

1. e4 e5 2. Nf3 Nc6 3. Bb5 Nf6 4. Qe2 a6 5. Ba4 d6 6. c3 b5 7. Bc2 Be7 8. h3 Bb7 9. 0-0 0-0 10. d3 Re8 11. a4 d5 12. Re1 b4 13. Bb3 bxc3 14. bxc3 Na5 15. Ba2 Bd6 16. exd5 Bxd5 17. Bxd5 Nxd5 18. Qe4 Nf6 19. Qh4 Nb3 20. Ra2 Nxc1 21. Rxc1 e4 22. dxe4 Rxe4 23. Qg5 Bf4 24. Rd2 Bxg5 25. Rxd8+ Rxd8 26. Nxg5 Rxa4 27. Kh2 Ra1 0-1

[Event "Goteborg op"]
[Site "Molnlycke"]
[Date "2015.08.16"]
[Round "8"]
[White "Nystrom, Jonas"]
[Black "Lundstrom, Mattias"]
[Result "1/2-1/2"]
[WhiteElo "1911"]
[BlackElo "2131"]
[PlyCount "51"]
[EventDate "2015.08.14"]
[EventType "swiss"]
[EventRounds "8"]
[EventCountry "SWE"]
[SourceTitle "CBM 167 Extra"]
[Source "ChessBase"]
[SourceDate "2015.09.14"]
[SourceVersion "1"]
[SourceVersionDate "2015.09.14"]
[SourceQuality "1"]

1. e4 c5 2. Nf3 d6 3. d4 cxd4 4. Nxd4 Nf6 5. Nc3 a6 6. Bc4 e6 7. Bb3 Be7 8. Be3 b5 9. Qf3 Qc7 10. Qg3 0-0 11. Bh6 Ne8 12. 0-0-0 Nc6 13. Nxc6 Qxc6 14. Nd5 Qb7 15. Nxe7+ Qxe7 16. Bf4 Bb7 17. Rhe1 a5 18. a4 bxa4 19. Bxa4 e5 20. Bg5 f6 21. Bd2 Kh8 22. h4 Nc7 23. Qa3 Ne6 24. f3 Nc5 25. Be3 Nxa4 26. Qxa4 1/2-1/2